Marianna May and nursey / (Record no. 103685)
[ view plain ]
| 000 -LEADER | |
|---|---|
| fixed length control field | 00572nam a2200169 a 4500 |
| 005 - DATE AND TIME OF LATEST TRANSACTION | |
| control field | 20140412111306.0 |
| 008 - FIXED-LENGTH DATA ELEMENTS--GENERAL INFORMATION | |
| fixed length control field | 010426s19uu xx 00 eng d |
| 020 ## - INTERNATIONAL STANDARD BOOK NUMBER | |
| International Standard Book Number | 0-8234-0623-7 |
| 050 ## - LIBRARY OF CONGRESS CALL NUMBER | |
| Classification number | TR(PS E |
| Item number | Ma11 1983 |
| 100 ## - MAIN ENTRY--PERSONAL NAME | |
| Personal name | DePaola, Tomie |
| 245 ## - TITLE STATEMENT | |
| Title | Marianna May and nursey / |
| Statement of responsibility, etc | Tomie DePoala. |
| 260 ## - PUBLICATION, DISTRIBUTION, ETC. (IMPRINT) | |
| Place of publication, distribution, etc | New York : |
| Name of publisher, distributor, etc | Holiday House, |
| Date of publication, distribution, etc | 1983. |
| 300 ## - PHYSICAL DESCRIPTION | |
| Extent | 1v. (unp.) ; ill. |
| 520 ## - SUMMARY, ETC. | |
| Summary, etc | A little rich girl is miserable because she isn't allowed to do anything but sit still and keep her white dresses clean. |
| 650 ## - SUBJECT ADDED ENTRY--TOPICAL TERM | |
| Topical term or geographic name as entry element | Cleanliness-Fiction |
| Withdrawn status | Lost status | Damaged status | Home library | Current library | Shelving location | Date acquired | Source of acquisition | Total Checkouts | Full call number | Barcode | Date last seen | Price effective from | Koha item type |
|---|---|---|---|---|---|---|---|---|---|---|---|---|---|
| Elizalde Library | Elizalde Library | Teachers Reference Section | 04/26/2001 | TR(PS E Ma11 1983 | E5722 | 04/12/2014 | 04/12/2014 | Books |